000 01323nam a2200241Ia 4500
003 Ost
005 20260507075345.0
008 260507s9999||||xx |||||||||||||| ||und||
020 _a40783799779
040 _cfsecg
041 _aara
082 _a330
100 _aأبو غابة، خالد عبد العظيم
_eمؤلف
245 0 _aالإنفاق العام ومدى دور الدولة في الرقابة عليه :
_bدراسة مقارنة في الشريعة الإسلامية والنظم الوضعية /
_c خالد عبد العظيم أبو غابة
260 _aالإسكندرية:
_bدار الفكر الجامعي,
_c2011
300 _a308 صفحة؛
_bإيضاحات ؛
_c24 سم
520 _aتعريف الإنفاق العام وخصائصه-موارد الإنفاق العام- الزكاة والأموال التي تجب فيها وشروط وجوبها- الضرائب- تعريف الضرائب ومشروعيتها ونشأتها وأسس رقابة الدولة عليها- موارد الإنفاق غير الدورية، ووسائل أجهزة الرقابة
653 _aالاقتصاد الإسلامي
653 _aالضرائب
653 _aالنفقات العامة
700 _aالرب، حسنى محمد جاد
_eمؤلف ثانوي
942 _cكتاب
999 _c44111
_d44111